00459 2200181 4500001002100000005001500021008004100036020001800077035001900095041000700114082000800121090001400129100001900143245006200162260001700224300001500241650002100256INLIS00000000001436820241224114730241224||||||||| | ||| |||| || |  a979-3168-00-5 0010-1224014368 aid0 a410 a410 EST a0 aEsther Kartika00aAku Suka Belajar:Bahasa Indonesia:Untuk SD dan MI Kelas 6 bAlbamac2006 a20018x25cm 0aBahasa Indonesia